Events management / (Record no. 2657)

MARC details
000 -LEADER
fixed length control field 01844cam a2200361 i 4500
001 - CONTROL NUMBER
control field 23059112
003 - CONTROL NUMBER IDENTIFIER
control field OSt
005 - DATE AND TIME OF LATEST TRANSACTION
control field 20260512143716.0
008 - FIXED-LENGTH DATA ELEMENTS--GENERAL INFORMATION
fixed length control field 230411s2023 nyu b 001 0 eng
010 ## - LIBRARY OF CONGRESS CONTROL NUMBER
LC control number 2022061879
020 ## - INTERNATIONAL STANDARD BOOK NUMBER
International Standard Book Number 9780367491840
Qualifying information (pbk)
035 ## - SYSTEM CONTROL NUMBER
System control number 23059112
040 ## - CATALOGING SOURCE
Original cataloging agency DLC
Language of cataloging eng
Description conventions rda
Transcribing agency DLC
Modifying agency DLC
-- MILA_ain
042 ## - AUTHENTICATION CODE
Authentication code pcc
050 00 - LIBRARY OF CONGRESS CALL NUMBER
Classification number GT3405
Item number .B69 2023
100 1# - MAIN ENTRY--PERSONAL NAME
Personal name Bowdin, G. A. J.,
Relator term author.
245 10 - TITLE STATEMENT
Title Events management /
Statement of responsibility, etc. Glenn A. J. Bowdin, Johnny Allen, Rob Harris, Leo Jago, William O 'Toole and Ian McDonnell.
250 ## - EDITION STATEMENT
Edition statement 4th edition.
264 #1 - PRODUCTION, PUBLICATION, DISTRIBUTION, MANUFACTURE, AND COPYRIGHT NOTICE
Place of production, publication, distribution, manufacture New York :
Name of producer, publisher, distributor, manufacturer Routledge,
Date of production, publication, distribution, manufacture, or copyright notice 2023.
300 ## - PHYSICAL DESCRIPTION
Extent xxxix, 811 pages :
Other physical details illustrations (color) ;
Dimensions 25 cm.
336 ## - CONTENT TYPE
Content type term text
Content type code txt
Source rdacontent
337 ## - MEDIA TYPE
Media type term unmediated
Media type code n
Source rdamedia
338 ## - CARRIER TYPE
Carrier type term volume
Carrier type code nc
Source rdacarrier
490 0# - SERIES STATEMENT
Series statement Events management
500 ## - GENERAL NOTE
General note "First edition published by Butterworth-Heinemann 2001. Third edition published by Routledge 2012"--T.p. verso.
504 ## - BIBLIOGRAPHY, ETC. NOTE
Bibliography, etc. note Includes bibliographical references and index.
520 ## - SUMMARY, ETC.
Summary, etc. "A must-have introductory text of unrivalled coverage and depth focusing on events planning and management, the fourth edition of Events Management provides a complete A to Z of the principles and practices of planning, managing and staging events. This book has been dubbed 'the events management bible' and fosters an interactive learning experience amongst scholars of events management, tourism and hospitality"--
Assigning source Provided by publisher.
650 #0 - SUBJECT ADDED ENTRY--TOPICAL TERM
Topical term or geographic name entry element Special events
General subdivision Management.
650 #0 - SUBJECT ADDED ENTRY--TOPICAL TERM
Topical term or geographic name entry element Special events
General subdivision Planning.
776 08 - ADDITIONAL PHYSICAL FORM ENTRY
Relationship information Online version:
Main entry heading Bowdin, Glenn A. J.
Title Events management
Edition 4th edition.
Place, publisher, and date of publication New York : Routledge, 2023
International Standard Book Number 9781003044963
Record control number (DLC) 2022061880
942 ## - ADDED ENTRY ELEMENTS (KOHA)
Source of classification or shelving scheme Library of Congress Classification
Koha item type Book
Holdings
Withdrawn status Lost status Source of classification or shelving scheme Damaged status Not for loan Home library Current library Shelving location Date acquired Source of acquisition Cost, normal purchase price Total Checkouts Full call number Barcode Date last seen Cost, replacement price Price effective from Koha item type
    Library of Congress Classification     MILA University Central Library MILA University Central Library General Stacks 12/05/2026 Emo Book Services Sdn Bhd 227.83   GT3405 .B69 2023 0003618 12/05/2026 227.83 12/05/2026 Book
   
  Powered by CD Solutions Sdn Bhd